000
00267nam a22001097a 4500
008
170110b xxu||||| |||| 00| 0 eng d
020
_a
9780801670640
041
_a
eng
080
_a
618.2
245
_a
COMMUNITY FIRST AID & SAFETY
_c
AMERICAN RED CROSS
942
_2
udc
_c
BK
999
_c
2626
_d
2626